• 首页
  • 本馆介绍
  • 公告通知
  • 最新文献
  • 馆藏检索
  • 电子资源
  • 读者导购
  • 参考咨询
  • 我的图书馆
  • 登录
  • 详细信息显示
  • 放入我的书架
  • 预约/预借图书
  • 作者相关作品
  • 分类相关作品
  • 丛书相关作品
  • 出版社相关作品

书目信息

  • 表格格式
  • 工作单格式
  • 卡片格式
题名:
汽车零部件再制造设计与工程
    
 
作者: 梁秀兵 , 陈永雄 , 史佩京 编著
分册:  
出版信息: 北京   科学出版社  2016
页数: 165页, [2] 页图版
开本: 25cm
丛书名:
单 册:
中图分类: U463.06
科图分类:
主题词: 汽车--qi che--零部件--废物综合利用--生产工艺
电子资源:
ISBN: 978-7-03-050302-2
000 01284nam0 2200289 450
001 012001002161
005 20131109190011.0
010    @a978-7-03-050302-2@b精装@dCNY90.00
099    @aCAL 012017015790
100    @a20170224d2016 ekmy0chiy50 ea
101 0  @achi
102    @aCN@b110000
105    @aafk a 000yy
106    @ar
200 1  @a汽车零部件再制造设计与工程@Aqi che ling bu jian zai zhi zao she ji yu gong cheng@f梁秀兵 ... 等编著
210    @a北京@c科学出版社@d2016
215    @a165页, [2] 页图版@c图 (部分彩图)@d25cm
304    @a其余责任者: 陈永雄, 史佩京, 谢建军, 么新
330    @a本书从指导汽车再制造行业工程实践的根本目的出发,首先介绍了汽车再制造行业的历史背景和作用,以及汽车零部件再制造产业规模化、专业化、标准化、循环化发展所需的逆向物流体系;然后结合团队科研成果,系统整理并归纳了从事汽车发动机、变速箱、转向器、发电机和起动机、电子控制单元等零部件采用喷涂方法进行再制造所涉及的基本理论及工程实践知识。
333    @a可供从事汽车再制造或相关行业人员阅读
606 0  @a汽车@Aqi che@x零部件@x废物综合利用@x生产工艺
690    @aU463.06@v5
701  0 @a梁秀兵@Aliang xiu bing@4编著
701  0 @a陈永雄@Achen yong xiong@4编著
701  0 @a史佩京@Ashi pei jing@4编著
801  0 @aCN@b北京卓展@c20191020
905    @b1199699-701@dU463.06@e889@f3
    
    汽车零部件再制造设计与工程/梁秀兵 ... 等编著.-北京:科学出版社,2016
    165页, [2] 页图版:图 (部分彩图);25cm
    使用对象:可供从事汽车再制造或相关行业人员阅读
    
    ISBN 978-7-03-050302-2(精装):CNY90.00
    本书从指导汽车再制造行业工程实践的根本目的出发,首先介绍了汽车再制造行业的历史背景和作用,以及汽车零部件再制造产业规模化、专业化、标准化、循环化发展所需的逆向物流体系;然后结合团队科研成果,系统整理并归纳了从事汽车发动机、变速箱、转向器、发电机和起动机、电子控制单元等零部件采用喷涂方法进行再制造所涉及的基本理论及工程实践知识。
●
相关链接 在E读中查询图书 在五车中查询图书 在当当中查询图书 在豆瓣中查询图书


正题名:汽车零部件再制造设计与工程     索取号:U463.06/889         预约/预借

序号 登录号 条形码 馆藏地/架位号 状态 备注
1 1199699   211996991   第二样本阅览室/ [索取号:U463.06/889] 在馆    
2 1199700   211997008   第三借阅区/ [索取号:U463.06/889] 在馆    
3 1199701   211997017   第三借阅区/ [索取号:U463.06/889] 在馆    
唐山师范学院图书馆 欢迎您!
大连网信软件有限公司© 版权所有